000 00903nam a2200217 a 4500
001 49941
003 BD-RjUL
005 20211209075432.0
008 170506s1942 ii ||||| |||| 00| 0 ben d
035 _a(BD-RjUL)50061
040 _aBD-RjUL
_bben
_cBD-RjUL
_dBD-RjUL
041 _aben
082 _223
_a891.1
_bDAG 1942
100 _aদত্ত, শ্রীমহেন্দ্রনাথ
_9149670
245 1 _aগিরিশচন্দ্রের মন ও শিল্প /
_cশ্রীমহেন্দ্রনাথ দত্ত
260 _aকলিকাতা :
_bকলিকাতা বিশ্ববিদ্যালয় কত্তৃক প্রকাশিত,
_c১৯৪২
300 _a[৪৮], ১৪২ পৃ. ;
_c২১ সেমি.
650 _aইন্ডিক সাহিত্য
_9149671
650 _aIndic Literature
_9148095
942 _2ddc
_cBK
999 _c49941
_d49941